000
00324nam a2200121 a 4500
005
20140414132053.0
008
110715s19uu xx 00 eng d
050
_a
ER
_b
F84 2006
100
_a
Frantz, Jennifer
245
_a
Charlotte's Web :
_b
Wilbur's prize.
260
_a
New York :
_b
Harpercollins,
_c
2006.
999
_c
114238
_d
114238